000 00377nam a2200157Ia 4500
003 OSt
005 20240205130157.0
008 170523s9999 xx 000 0 und d
020 _a978-8120406025
040 _ciimt university meerut
100 _aINDIAN ADAPTATION
245 0 _aINTRODUCTION TO WORK STUDY
260 _bDELHI OXFORD IBH
260 _c1991
942 _2ddc
_c02
999 _c304
_d304